ბათუმის შოთა რუსთაველის სახელმწიფო უნივერსიტეტის ბიბლიოთეკა

Handbook of Liaison Psychiatry / (ბიბ.ჩანაწერი № 61767)

000 -LEADER
fixed length control field 00673nam a22001937a 4500
005 - DATE AND TIME OF LATEST TRANSACTION
control field 20240430160816.0
008 - FIXED-LENGTH DATA ELEMENTS--GENERAL INFORMATION
fixed length control field 240430s2007 enk||||| |||| 00| 0 eng d
020 ## - INTERNATIONAL STANDARD BOOK NUMBER
International Standard Book Number 9780521826372x
041 ## - LANGUAGE CODE
Language code of text/sound track or separate title eng
080 ## - UNIVERSAL DECIMAL CLASSIFICATION NUMBER
Universal Decimal Classification number 616.89 H-22
245 ## - TITLE STATEMENT
Title Handbook of Liaison Psychiatry /
Statement of responsibility, etc. Edited by Geoffrey Lloyd, Elspeth Guthrie.
264 ## - PRODUCTION, PUBLICATION, DISTRIBUTION, MANUFACTURE, AND COPYRIGHT NOTICE
Place of production, publication, distribution, manufacture ‎Cambridge:
Name of producer, publisher, distributor, manufacturer Cambridge University Press,
Date of production, publication, distribution, manufacture, or copyright notice 2007.
300 ## - PHYSICAL DESCRIPTION
Extent 930 p.;
Other physical details 26 cm.
653 ## - INDEX TERM--UNCONTROLLED
keyword ფსიქიატრია
653 ## - INDEX TERM--UNCONTROLLED
keyword მეციცინა
700 ## - ADDED ENTRY--PERSONAL NAME
Personal name Lloyd, Geoffrey
Relator term რედაქტორი
9 (RLIN) 21999
700 ## - ADDED ENTRY--PERSONAL NAME
Personal name Guthrie, Elspeth
Relator term რედაქტორი
9 (RLIN) 22000
942 ## - ADDED ENTRY ELEMENTS (KOHA)
Source of classification or shelving scheme
Koha item type წიგნი
ეგზემპლარები
Withdrawn status Lost status Source of classification or shelving scheme Damaged status Not for loan Permanent Location Current Location Shelving location Date acquired Cost, normal purchase price Full call number Barcode Date last seen Copy number Price effective from Koha item type Public note
          ბათუმის შოთა რუსთაველის სახელმწიფო უნივერსიტეტის მთავარი ბიბლიოთეკა ბათუმის შოთა რუსთაველის სახელმწიფო უნივერსიტეტის მთავარი ბიბლიოთეკა წიგნსაცავი 2024-04-30 237.00 616.89 H-22 67915 2024-04-30 67915 2024-04-30 წიგნი 237 ლ.